000 00680nam a2200241Ia 4500
003 OSt
005 20220918175515.0
006 a|||||r|||| 00| 0
007 ta
008 220917b |||||||| |||| 00| 0 eng d
024 _a17,662
037 _cTextual
040 _aARTS
_cARTS
_beng
041 _2eng
_aeng
082 _aQ8441a14, M2 (BB)
100 _aHakam Singh
_954224
245 0 _aSikh studies
_b a classified bibliography of printed books in English
260 _aPatiala
_bPunjab Pub House
_c1982
300 _ax,241p.
_ccm.
650 _aSIKHISM
_925885
942 _hQ8441a14, M2 (BB)
_cTEXL
_2CC
999 _c157835
_d157835